000 00906nam a2200277 i 4500
001 54788
003 ES-MaACL
005 20250728120135.0
007 t|
008 040114s2002 sp ||||0| spa d
020 _a84-8164-566-4
040 _aM-BN
_bspa
_cM-BN
080 _a291.1
080 _a291(8=134)
100 1 _aMarzal, Manuel M.
_978604
245 1 0 _aTierra encantada
_b: tratado de antropología religiosa de América Latina /
_cManuel M. Marzal.
260 _aMadrid :
_bTrotta,
_c[2002]
300 _a602 p ;
_c23 cm.
490 1 _aColección Estructuras y procesos. Serie Antropología
504 _aBibliografía: p. 561-584. Indices.
650 4 _aReligión-
_xFilosofía
_916799
650 1 4 _aReligiones-
_zAmérica Latina
_916816
830 0 0 _aEstructuras y procesos.
_pAntropología
_9223756
852 _aES-MaACL
_jL-26796
_bR.132438
999 _c54788
_d54788